00443nam a2200169Ia 4500003000500000005001700005008000400022020001800026040001400044082002000058100002100078245005700099260003600156300002500192650002700217700002900244322820231030160444.0eng a9781770095977 aRDAcOCLC a324.268083 SUTT aSuttner, Raymond 0aThe ANC underground in South AfricacRaymond Suttner aAuckland Park :bJacana ,c2008 aix, 198 pagesc24 cm 2south africaapolitics aSuttner, Raymondeauthor